AWS Certified Cloud Practitioner (CLF-C01) Cert Guide/ (Record no. 176271)
[ view plain ]
| 000 -LEADER | |
|---|---|
| fixed length control field | 02406nam a22001817a 4500 |
| 005 - DATE AND TIME OF LATEST TRANSACTION | |
| control field | 20201208152239.0 |
| 010 ## - LCCN (DPL NO) | |
| LC control number | ENG-128639 |
| 020 ## - INTERNATIONAL STANDARD BOOK NUMBER | |
| International Standard Book Number | 978-93-539-4536-7 |
| Terms of availability | 469.00 |
| 035 ## - SYSTEM CONTROL NUMBER | |
| System control number | EN-112171 |
| 037 ## - SOURCE OF ACQUISITION | |
| Source of stock number/acquisition | DBAD/PUB |
| 082 ## - DEWEY DECIMAL CLASSIFICATION NUMBER | |
| Classification number | 005.44769 |
| 100 ## - MAIN ENTRY--PERSONAL NAME | |
| Personal name | Sequeira, Anthony |
| 245 ## - TITLE STATEMENT | |
| Title | AWS Certified Cloud Practitioner (CLF-C01) Cert Guide/ |
| Statement of responsibility, etc | Anthony Sequeira |
| 260 ## - PUBLICATION, DISTRIBUTION, ETC. (IMPRINT) | |
| Place of publication, distribution, etc | Uttar Pradesh |
| Name of publisher, distributor, etc | Pearson India Education Services Pvt. Ltd. |
| Date of publication, distribution, etc | 2021 |
| 270 ## - ADDRESS | |
| City | Uttar Pradesh |
| Postal code | 201301 |
| Address | 15th Floor, Tower-B, World Trade Tower, Plot No.- 1, Block-C, Sector-16, Noida |
| Electronic mail address | companysecretary.india@pearson.com |
| Telephone number | 044-66540100 |
| 300 ## - PHYSICAL DESCRIPTION | |
| Extent | xxv+215p. |
| Dimensions | 23cm(pbk) |
| Other physical details | Including index and illustrations. |
| 942 ## - ADDED ENTRY ELEMENTS (KOHA) | |
| Source of classification or shelving scheme | Dewey Decimal Classification |
| Item type | English Books |
| Classification part | 005.44769 |
| Call number suffix | SEQ |
| Withdrawn status | Lost status | Not for loan | Collection code | Home library | Current library | Date acquired | Source of acquisition | Cost, normal purchase price | Full call number | Barcode | Copy number | Cost, replacement price | Koha item type |
|---|---|---|---|---|---|---|---|---|---|---|---|---|---|
| Non-fiction | Central Library | Central Library | 08/12/2020 | DBAD/PUB | 469.00 | 005.44769 SEQ | EN-112171 | 1 | 469.00 | English Books |
